Total digital photography : The shoot to print workflow handbook
| Main Author: | |
|---|---|
| Format: | Book |
| Published: |
New Jersey :
Wiley publishing inc ,
2005
|
| Subjects: |
MARC
| LEADER | 00000cam a2200000 7i4500 | ||
|---|---|---|---|
| 001 | 0000015937 | ||
| 005 | 20050922.0 | ||
| 020 | |a 076456952X | ||
| 040 | |a INS | ||
| 090 | 0 | 0 | |a TR47 |b T582 2005 |
| 100 | 1 | |a Timacheff, Serge | |
| 245 | 1 | 0 | |a Total digital photography : |b The shoot to print workflow handbook |c Serge Timacheff |
| 260 | |a New Jersey : |b Wiley publishing inc , |c 2005 | ||
| 300 | |a xviiib334p. ; |c 23cm. | ||
| 650 | 0 | 0 | |a Photography |x Digital techniques |
| 999 | |a 0000015881 |b BOOK |c Open Shelf |e Default branch | ||